Jerusalem Intelude. (Record no. 42575)
[ view plain ]
| 000 -LEADER | |
|---|---|
| fixed length control field | 00654nam a22002051a 4500 |
| 005 - DATE AND TIME OF LATEST TRANSACTION | |
| control field | 20170629020002.0 |
| 008 - FIXED-LENGTH DATA ELEMENTS--GENERAL INFORMATION | |
| fixed length control field | 091005s1990 001 0 eng d |
| 020 ## - INTERNATIONAL STANDARD BOOK NUMBER | |
| International Standard Book Number | 1556610807 : |
| Terms of availability | 0.00 |
| 040 ## - CATALOGING SOURCE | |
| Original cataloging agency | NEGST Library - Kenya |
| 082 0# - DEWEY DECIMAL CLASSIFICATION NUMBER | |
| Classification number | PS 3570.H46J47 1990 |
| 100 1# - MAIN ENTRY--PERSONAL NAME | |
| Personal name | Thoene, Bodie. |
| 245 10 - TITLE STATEMENT | |
| Title | Jerusalem Intelude. |
| 260 ## - PUBLICATION, DISTRIBUTION, ETC. (IMPRINT) | |
| Place of publication, distribution, etc | Minneapolis, Minnesota. : |
| Name of publisher, distributor, etc | Bethany House Publishers, |
| Date of publication, distribution, etc | 1990. |
| 300 ## - PHYSICAL DESCRIPTION | |
| Extent | 400p. ; |
| 600 10 - SUBJECT ADDED ENTRY--PERSONAL NAME | |
| Personal name | Jews - Fiction. |
| 600 10 - SUBJECT ADDED ENTRY--PERSONAL NAME | |
| Personal name | Jews - History - 20th Century - Fiction. |
| 852 ## - LOCATION/CALL NUMBER | |
| -- | 12.65 |
| 852 ## - LOCATION/CALL NUMBER | |
| -- | 12.65 |
| 942 00 - ADDED ENTRY ELEMENTS (KOHA) | |
| Koha issues (borrowed), all copies | 1 |
| Withdrawn status | Lost status | Source of classification or shelving scheme | Damaged status | Not for loan | Collection code | Home library | Current library | Shelving location | Date acquired | Cost, normal purchase price | Total Checkouts | Total Renewals | Full call number | Barcode | Date last seen | Date checked out | Copy number | Price effective from | Koha item type |
|---|---|---|---|---|---|---|---|---|---|---|---|---|---|---|---|---|---|---|---|
| Library of Congress Classification | Fiction | AIU/NEGST - Tony Wilmot Memorial Library | AIU/NEGST - Tony Wilmot Memorial Library | Fiction | 01/21/2010 | 12.65 | 1 | 1 | FIC PS 3570.H46J47 1990 | R21152J3232 | 09/29/2019 | 06/28/2017 | 1 | 01/21/2010 | Books | ||||
| Library of Congress Classification | Fiction | AIU/NEGST - Tony Wilmot Memorial Library | AIU/NEGST - Tony Wilmot Memorial Library | Fiction | 01/21/2010 | 12.65 | 1 | FIC PS 3570.H46J47 1990 | R21154L3232 | 09/30/2019 | 07/13/2012 | 2 | 01/21/2010 | Books |
